[Event "45th Olympiad 2024"]
[Site "Budapest HUN"]
[Date "2024.09.18"]
[Round "7.33"]
[Board "1"]
[White "Cori, Jorge"]
[Black "Oatlhotse, Providence"]
[Result "1-0"]
[WhiteElo "2609"]
[BlackElo "2239"]
[PlyCount "71"]
[EventDate "2024.09.11"]
[WhiteTeam "Peru"]
[BlackTeam "Botswana"]
[WhiteTeamCountry "PER"]
[BlackTeamCountry "BOT"]

1. d4 Nf6 2. c4 g6 3. Nc3 Bg7 4. e4 d6 5. h3 Nbd7 6. Be3 e5 7. d5 Nc5 8. Qc2 a5 9. g4 c6 10. Be2 cxd5 11. cxd5 O-O 12. g5 Ne8 13. Nf3 Bd7 14. h4 Rc8 $146 ({RR} 14... a4 15. Nd2 Rc8 16. b4 axb3 17. axb3 f5 18. f3 Rf7 19. Qb2 Qb6 20. O-O Bf8 21. b4 Nd3 22. Bxb6 Nxb2 23. Rfc1 Ng7 24. Be3 Nh5 25. exf5 gxf5 26. Kh2 Nf4 27. Bxf4 exf4 28. Nb5 Re7 29. Nd4 {½-½ Yankelevich,L (2443)-Jurcik,M (2497) Mitropa Cup 36th 2017 (2.3)}) 15. Nd2 f5 16. Bxc5 Rxc5 17. Qb3 Rf7 18. a4 Bf8 19. Nc4 h6 20. f4 exf4 21. e5 hxg5 22. e6 Rh7 23. O-O-O Bc8 24. hxg5 Rxh1 25. Rxh1 Qxg5 26. Kb1 Bg7 27. Nb5 Qe7 28. Nb6 Qd8 29. Na7 g5 30. Bd3 Bxe6 31. dxe6 d5 32. Nd7 Rc6 33. Qxd5 Qe7 34. Nxc6 bxc6 35. Qxf5 Nf6 36. Qg6 1-0

[Event "45th Olympiad 2024"]
[Site "Budapest HUN"]
[Date "2024.09.18"]
[Round "7.33"]
[Board "2"]
[White "Notha, Moakofi"]
[Black "Flores Quillas, Diego Saul Rodri"]
[Result "0-1"]
[WhiteElo "1996"]
[BlackElo "2451"]
[PlyCount "60"]
[EventDate "2024.09.11"]
[WhiteTeam "Botswana"]
[BlackTeam "Peru"]
[WhiteTeamCountry "BOT"]
[BlackTeamCountry "PER"]

1. e4 c5 2. d3 Nc6 3. Nf3 g6 4. g3 Bg7 5. Bg2 e5 6. O-O Nge7 7. Bg5 ({RR} 7. h4 h6 8. Be3 d6 9. Qd2 Be6 10. Nc3 Qd7 11. a3 Bh3 12. Nh2 Bxg2 13. Kxg2 f5 14. b4 Nd4 15. Nd5 Nxd5 16. exd5 Qf7 17. bxc5 Qxd5+ 18. Kg1 dxc5 19. Rab1 O-O-O 20. Bxd4 exd4 21. Qa5 Kb8 {0-1 Andriasian,Z (2620)-So,W (2705) Universiad Men playoff 27th blitz 2013 (1)}) 7... f6 ({RR} 7... h6 8. Be3 d6 9. Nc3 f5 10. Qd2 g5 11. exf5 Bxf5 12. h4 Qd7 13. hxg5 hxg5 14. Bxg5 Bh3 15. Nh4 Bxg2 16. Kxg2 O-O-O 17. Ne4 Rdf8 18. c3 Kc7 19. Qe3 Qe6 20. Bxe7 Nxe7 21. b4 Bh6 22. Qe2 {0-1 Alfaro,W (2134)-Janaszak,D (2322) Titled Tue 17th Jan Early 2023 (4)}) 8. Be3 d6 9. Nbd2 $146 ({RR} 9. c3 Bg4 10. h3 Bxf3 11. Qxf3 O-O 12. Qe2 Rb8 13. f4 b5 14. fxe5 fxe5 15. Nd2 Qd7 16. Kh2 Rxf1 17. Rxf1 Rf8 18. Rxf8+ Bxf8 19. h4 Qe6 20. a4 a6 21. Bh3 Qf7 22. Qg4 h6 23. Qd7 Qf6 {1-0 Nagy,E (2040)-Marosi,G (2295) HUN-chT Hungary 1993}) ({RR} 9. Nc3 Be6 10. Qd2 Qd7 11. Nh4 g5 12. Nf3 g4 13. Nh4 Ng6 14. Nf5 Bxf5 15. exf5 Qxf5 16. Ne4 Qd7 17. f3 f5 18. Ng5 h6 19. fxg4 hxg5 20. gxf5 Nf4 21. Rae1 O-O-O 22. gxf4 gxf4 23. Bf2 Qxf5 {0-1 Matveev,M (2121)-Mandrikov,S (2109) Nizhnij Novgorod op 2012 (6)}) 9... Be6 10. a4 b6 11. Ne1 Qd7 12. Nc4 O-O 13. c3 f5 14. Qe2 f4 15. Bd2 g5 16. f3 h5 17. Nc2 Ng6 18. b4 cxb4 19. Nxb4 Nxb4 20. cxb4 d5 21. exd5 Bxd5 22. Bc3 Rae8 23. Bb2 fxg3 24. hxg3 h4 25. Qe3 hxg3 26. Qxg5 Nf4 27. Nxe5 Qf5 28. Qg4 Qxg4 29. fxg4 Nxg2 30. d4 Nf4 0-1

[Event "45th Olympiad 2024"]
[Site "Budapest HUN"]
[Date "2024.09.18"]
[Round "7.33"]
[Board "3"]
[White "Fernandez Sanchez, Fernando Miguel"]
[Black "Monnaatsheko, Keletshabile"]
[Result "1-0"]
[WhiteElo "2399"]
[BlackElo "2064"]
[PlyCount "69"]
[EventDate "2024.09.11"]
[WhiteTeam "Peru"]
[BlackTeam "Botswana"]
[WhiteTeamCountry "PER"]
[BlackTeamCountry "BOT"]

1. c4 c5 2. g3 g6 3. Bg2 Bg7 4. Nc3 Nc6 5. Nf3 d6 6. O-O e5 7. a3 Nge7 8. b4 O-O 9. Rb1 Rb8 10. d3 b6 11. Bg5 ({RR} 11. e3 Bf5 12. Ng5 Bc8 13. Nf3 Bf5 14. Ng5 h6 15. Nge4 Be6 16. Nd2 Qd7 17. Nd5 cxb4 18. axb4 b5 19. Ba3 Rfc8 20. Qe2 f5 21. Rfc1 a6 22. Nb3 bxc4 23. dxc4 e4 24. Nxe7+ Nxe7 25. Nd4 d5 {1-0 Ni,H (2637)-Negi,P (2639) CHN-chT Beijing 2012 (17)}) ({RR} 11. Ne1 Bb7 12. e3 Qd7 13. Nc2 f5 14. Nd5 Nd8 15. f4 Ne6 16. Bb2 exf4 17. Bxg7 Kxg7 18. gxf4 Nxd5 19. cxd5 Nc7 20. e4 Ba6 21. Rf2 Rbe8 22. Qd2 Kg8 23. Ne3 Qa4 24. e5 dxe5 25. fxe5 Rxe5 {1-0 Soban,J (2121)-Cerny,M (2069) Jesenik Open 2024 (9.7)}) 11... f6 12. Bd2 Be6 13. Ne1 cxb4 $146 ({RR} 13... f5 14. Nd5 Bf7 15. Nc2 Nxd5 16. cxd5 Ne7 17. e4 Be8 18. f4 Bb5 19. Rf3 c4 20. dxc4 Bxc4 21. fxe5 dxe5 22. Bg5 Bf6 23. Bxf6 Rxf6 24. Ne3 b5 25. Rc1 Qb6 26. Kh1 Rc8 27. Nxc4 Rxc4 28. Rxc4 {0-1 Toth,S (2174)-Dory,J (2288) HUN-chT 1314 2013 (4)}) ({RR} 13... Qd7 14. Nd5 Nd8 15. Nxe7+ Qxe7 16. bxc5 dxc5 17. Nc2 Qd7 18. Ne3 Nc6 19. Nd5 Ne7 20. Nxe7+ Qxe7 21. Qa4 Rfd8 22. Qb5 Bg4 23. Rfe1 Bd7 24. Bd5+ Kh8 25. Qb3 Qe8 26. Bc3 Ba4 27. Qb2 Qe7 28. e4 {1-0 Rosen,B (2253)-Suchland,M (2134) NRW Class1 1516 2015 (6.1)}) ({RR} 13... h6 14. Nc2 f5 15. Ne3 Kh7 16. Ned5 Bf7 17. Qa4 Nxd5 18. Nxd5 Ne7 19. Nc3 Nc8 20. e3 Qe8 21. Qxe8 Rxe8 22. Rfc1 Rd8 23. Kf1 Ne7 24. Ke2 Rd7 25. f4 Rbd8 26. Rd1 d5 27. cxd5 Nxd5 28. bxc5 {1-0 Donchenko,A (2668)-Dobrikov,M (2269) ch-GER Blitz 2023 (24.13)}) 14. axb4 d5 15. Qa4 Qd7 16. b5 Na5 17. cxd5 Nxd5 18. Nxd5 Bxd5 19. Bxd5+ Qxd5 20. Bxa5 bxa5 21. Qxa5 Rfc8 22. Ng2 Bh6 23. Qxa7 Rb7 24. Qa6 f5 25. Rb4 Rcb8 26. b6 Bf8 27. Rb5 Qc6 28. Rxe5 Rxb6 29. Qa2+ Kh8 30. Nf4 Rb2 31. Qe6 Qa8 32. e4 fxe4 33. Nxg6+ Kg7 34. Rg5 Kh6 35. Nf4+ 1-0

[Event "45th Olympiad 2024"]
[Site "Budapest HUN"]
[Date "2024.09.18"]
[Round "7.33"]
[Board "4"]
[White "Bayani, Kuda"]
[Black "Delgado Romero, Marco"]
[Result "0-1"]
[WhiteElo "1931"]
[BlackElo "2390"]
[PlyCount "72"]
[EventDate "2024.09.11"]
[WhiteTeam "Botswana"]
[BlackTeam "Peru"]
[WhiteTeamCountry "BOT"]
[BlackTeamCountry "PER"]

1. d4 Nf6 2. Nf3 g6 3. Bf4 Bg7 4. e3 d6 5. h3 O-O 6. Be2 Nfd7 7. c4 e5 8. Bh2 Nc6 9. Nc3 Kh8 ({RR} 9... exd4 10. exd4 Nf6 11. O-O Re8 12. Re1 Bf5 13. d5 Nb4 14. Nd4 Bd7 15. a3 Na6 16. Bf3 Rxe1+ 17. Qxe1 Nc5 18. Qd1 a5 19. b4 axb4 20. axb4 Rxa1 21. Qxa1 Nd3 22. Qb1 Ne5 23. Be2 Bc8 24. Bf1 {1-0 Grachev,B (2640)-Tkachiev,V (2664) Moscow Tal Memorial Blitz 2008 (26)}) 10. Rc1 ({RR} 10. O-O f5 11. dxe5 Ndxe5 12. Nd4 Nxd4 13. exd4 Nc6 14. d5 Ne5 15. Qd2 a6 16. Rae1 Qh4 17. f4 Nf7 18. Qe3 Bd7 19. Bg3 Qf6 20. Bd1 Rfe8 21. Qd2 Qd4+ 22. Qxd4 Bxd4+ 23. Bf2 Bxf2+ 24. Kxf2 Kg7 {½-½ Feller,G (1907)-Campagnolo,F (1663) IV Duchamp Int Open 2022 (2.41)}) 10... f5 11. a3 $146 ({RR} 11. Nd5 Nb6 12. O-O Bd7 13. b4 exd4 14. b5 d3 15. Qxd3 Ne5 16. Nxe5 dxe5 17. Rfd1 Be6 18. Qc3 Nd7 19. c5 c6 20. bxc6 bxc6 21. Nb4 f4 22. Rd6 Qe7 23. Qd2 Nb8 24. exf4 a5 25. Nd3 exf4 {1-0 Cordova,E (2572)-Panesso Rivera,H (2339) Sabadell op-A 5th 2012 (2)}) 11... Bh6 12. dxe5 Ndxe5 13. c5 f4 14. exf4 Nxf3+ 15. Bxf3 Qe8+ 16. Ne2 Bg7 17. O-O Bxb2 18. Rc2 Bg7 19. cxd6 cxd6 20. Qxd6 Bf5 21. Bxc6 bxc6 22. Rd2 Rd8 23. Qb4 c5 24. Qa5 Rxd2 25. Qxd2 Qa4 26. g4 Bc8 27. Nc3 Qxa3 28. Rc1 Bb7 29. Bg3 Qa6 30. Qe2 Qxe2 31. Nxe2 Re8 32. Rc2 Be4 33. Ra2 Bd3 34. Kf1 c4 35. f5 c3 36. Bf4 c2 0-1

[Event "45th Olympiad 2024"]
[Site "Budapest HUN"]
[Date "2024.09.18"]
[Round "7.34"]
[Board "1"]
[White "Noboa Silva, Kevin"]
[Black "Murphy, Conor E"]
[Result "1/2-1/2"]
[WhiteElo "2270"]
[BlackElo "2453"]
[PlyCount "125"]
[EventDate "2024.09.11"]
[WhiteTeam "Ecuador"]
[BlackTeam "Ireland"]
[WhiteTeamCountry "ECU"]
[BlackTeamCountry "IRL"]

1. d4 Nf6 2. c4 e6 3. Nc3 Bb4 4. e3 d5 5. a3 Be7 6. Nf3 O-O 7. Bd3 dxc4 8. Bxc4 a6 9. O-O b5 10. Bd3 c5 11. dxc5 Bxc5 12. b4 Be7 13. Qe2 Bb7 14. Rd1 Nbd7 15. Bb2 h6 $146 ({RR} 15... Bxf3 16. gxf3 Qc7 17. Rac1 Qb7 18. Ne4 Rac8 19. Rc2 Rxc2 20. Bxc2 Nd5 21. Qd3 f5 22. Nd2 Bf6 23. Bxf6 Rxf6 24. Bb3 N7b6 25. Rc1 h6 26. Qd4 Kh7 27. Qe5 Qd7 28. Nf1 Rf8 29. Ng3 Nc4 30. Bxc4 {1-0 Grebnev,A (2500)-Zakhartsov,V (2525) TOP 28 Rapid GP 2023 (12.4)}) ({RR} 15... Rc8 16. Ng5 h6 17. Nge4 Qc7 18. Rac1 Qb8 19. Bb1 Nb6 20. Qd3 g6 21. Qd4 Nbd7 22. Nd6 Rc6 23. Nxb7 Rc4 24. Nd5 Rxd4 25. Nxe7+ Kh7 26. Rxd4 Qxb7 27. Rf4 e5 28. Rf3 Re8 29. Nf5 gxf5 30. Bxf5+ {0-1 Lobanov,S (2507)-Deac,B (2693) Titled Tue 7th May Late 2024 (10)}) 16. Rac1 Rc8 17. e4 Qe8 18. Qe3 Bd8 19. a4 Bb6 20. Qe2 Ng4 21. Rf1 Nde5 22. Nxe5 Nxe5 23. axb5 Nxd3 24. Qxd3 axb5 25. Nxb5 Rxc1 26. Rxc1 Bxe4 27. Qg3 f6 28. Nd6 Qg6 29. Qxg6 Bxg6 30. Nc8 Bd8 31. b5 Bd3 32. Ba3 Bxb5 33. Bxf8 Kxf8 34. Rd1 Bc7 35. Rb1 Ba6 36. Ra1 Bxc8 37. Ra8 Be5 38. Rxc8+ Kf7 39. g3 h5 40. Kg2 f5 41. Rc5 Bd4 42. Rc7+ Kf6 43. Rd7 Bc3 44. Kf3 Bb2 45. Ke3 Bc3 46. Rc7 Ba5 47. Rc6 Be1 48. Rc2 Bb4 49. Kd4 g6 50. Kc4 Bd6 51. Kb5 h4 52. Kc6 Bb8 53. Kd7 hxg3 54. hxg3 Kf7 55. Rb2 Ba7 56. Re2 e5 57. f3 Bd4 58. Kd6 Kf6 59. Kd5 Bc3 60. Kc4 Ba5 61. Kd5 Bc3 62. Re3 Bd4 63. Re2 1/2-1/2

[Event "45th Olympiad 2024"]
[Site "Budapest HUN"]
[Date "2024.09.18"]
[Round "7.34"]
[Board "2"]
[White "Baburin, Alexander"]
[Black "Garzon Zapatanga, Christopher Leonel"]
[Result "1-0"]
[WhiteElo "2376"]
[BlackElo "2216"]
[PlyCount "101"]
[EventDate "2024.09.11"]
[WhiteTeam "Ireland"]
[BlackTeam "Ecuador"]
[WhiteTeamCountry "IRL"]
[BlackTeamCountry "ECU"]

1. d4 {ChessBase} Nf6 2. c4 g6 3. Nf3 Bg7 4. g3 c6 5. Nc3 d5 6. cxd5 cxd5 7. Ne5 O-O 8. Bg2 Nc6 9. O-O Bf5 10. Nxc6 bxc6 11. Bf4 Ne4 12. Na4 Qa5 ({RR} 12... f6) 13. a3 $146 ({RR} 13. Rc1 Rac8 14. Re1 Rfd8 15. f3 Nd6 16. Bd2 Qc7 17. e3 h5 18. b3 e5 19. dxe5 Bxe5 20. Bc3 Bxc3 21. Nxc3 Qe7 22. Qd4 Be6 23. Qc5 Re8 24. Ne2 Nf5 25. Nd4 Qxc5 26. Rxc5 Nxd4 27. exd4 Bd7 {1-0 Portisch,L-Reshevsky,S Interzonal-08 1970 (18)}) ({RR} 13. Rc1 Rac8 14. b3 Rfe8 15. g4 Bd7 16. f3 Nd6 17. Nc5 Rcd8 18. e3 Bc8 19. Re1 e5 20. dxe5 Bxe5 21. Bxe5 Rxe5 22. Qd4 Ree8 23. Na4 Ba6 24. Qc3 Qxc3 25. Nxc3 Kf8 26. Na4 Bb5 27. Nc5 d4 {1-0 So,W (2772)-Shankland,S (2709) Saint Louis Blitz 2021 (16)}) ({RR} 13. Rc1 Rfc8 14. b3 Nd6 15. Rc5 Qa6 16. e3 Nb7 17. Rc1 f6 18. Re1 e5 19. e4 dxe4 20. dxe5 fxe5 21. Be3 Bf8 22. Qc2 Qd3 23. Qb2 Qd6 24. Nc3 Qa3 25. Qb1 Bb4 26. Bxe4 Nd6 27. Bxf5 Nxf5 {1-0 Pichot,A (2635)-Acosta,P (2455) Titled Tue 7th May Early 2024 (7)}) ({RR} 13. Rc1 Qb4 14. e3 Rac8 ({RR} 14... f6 15. f3 Nd6 16. g4 Bc8 17. b3) 15. f3 Nd6 16. a3 ({RR} 16. g4 Be6 17. Rf2) 16... Qa5 17. Rc5 ({RR} 17. g4 Bd3 ({RR} 17... Be6 18. Nc5) 18. Rf2 Ba6 19. Nc5) 17... Qd8 18. Kh1 Re8 19. Re1 Bd7 ({RR} 19... e5 20. dxe5 Bxe5 21. Bxe5 Rxe5 22. e4 Qe7) 20. Rc1 Nc4 ({RR} 20... e5 21. dxe5 Bxe5) 21. e4 e6 ({RR} 21... e5 22. Bxe5 ({RR} 22. dxe5 g5 23. Be3 Nxe3 24. Rxe3 Bxe5 25. Rd3 Qe7) 22... Nxe5 23. dxe5 Bxe5) 22. b3 ({RR} 22. e5 c5 23. Nxc5 Nxb2) 22... Nxa3 ({RR} 22... e5 23. bxc4 exf4 24. Nc5 ({RR} 24. gxf4 Bh6) 24... fxg3 25. hxg3 dxe4 26. fxe4 Be6) 23. e5 Rb8 24. Ra1 Nb5 25. Qd2 Bf8 26. Nc5 Bc8 ({RR} 26... Bxc5 27. dxc5) 27. Ra4 Qb6 {1-0 Petrosian,T-Kortschnoj,V Candidates sf Kortschnoj-Petrosian +3-1 1974 (4)}) 13... Nd6 14. Nc5 Nc4 15. b4 Qb6 16. e4 dxe4 17. Qe2 Nd6 18. Be5 f6 19. Bf4 Qb5 20. Qa2+ Kh8 21. Rfe1 a5 22. bxa5 Qxa5 23. Nxe4 Nb5 24. Qc4 Rad8 25. Be3 Bxe4 26. Bxe4 f5 27. Bxc6 Nxd4 28. Rad1 e5 29. a4 f4 30. Bxd4 Rxd4 31. Qb5 Qc3 32. Rc1 Qd2 33. Qe2 fxg3 34. hxg3 Qg5 35. Rc2 h5 36. Qe3 Qf6 37. Kg2 Kh7 38. a5 h4 39. Be4 Bh6 40. Qe2 hxg3 41. fxg3 Rfd8 42. Qg4 Rd2+ 43. Re2 Rxc2 44. Rxc2 Rf8 45. Qe2 Rd8 46. a6 Qe7 47. Rb2 Rd7 48. Qg4 Rd2+ 49. Rxd2 Bxd2 50. Qxg6+ Kh8 51. Qb6 1-0

[Event "45th Olympiad 2024"]
[Site "Budapest HUN"]
[Date "2024.09.18"]
[Round "7.34"]
[Board "3"]
[White "Mieles Palau, Daniel"]
[Black "Kanyamarala, Tarun"]
[Result "1/2-1/2"]
[WhiteElo "2321"]
[BlackElo "2361"]
[PlyCount "61"]
[EventDate "2024.09.11"]
[WhiteTeam "Ecuador"]
[BlackTeam "Ireland"]
[WhiteTeamCountry "ECU"]
[BlackTeamCountry "IRL"]

1. c4 e6 2. Nf3 d5 3. e3 Nf6 4. b3 c5 5. Bb2 Nc6 6. cxd5 exd5 7. Be2 Bd6 8. O-O O-O 9. d4 cxd4 10. Nxd4 Qe7 ({RR} 10... Re8 11. Nd2 Bc7 12. Rc1 Qd6 13. N2f3 Nxd4 14. Qxd4 Bg4 15. Qc5 Qxc5 16. Rxc5 Bb6 17. Rc2 Rac8 18. Rxc8 Rxc8 19. Bd3 Ne4 20. Nd4 Nc5 21. Bf5 Bxf5 22. Nxf5 Rc7 23. Be5 Rd7 24. Bxg7 Ne6 25. Bf6 {1-0 Nakamura,H (2754)-Grischuk,A (2766) Paris GCT blitz 2019 (1)}) 11. Nc3 ({RR} 11. Nd2 Bd7 12. Rc1 Ne5 13. N2f3 Rac8 14. Rxc8 Rxc8 15. Qa1 Ne4 16. Nxe5 Bxe5 17. Nf5 Bxh2+ 18. Kxh2 Bxf5 19. Kg1 Qg5 20. Rc1 h5 21. Rxc8+ Bxc8 22. Qd1 h4 23. Bf3 Be6 24. Qd4 h3 25. Qe5 Qxe5 {1-0 Kukhmazov,A (2498)-Hrbek,S (2426) Titled Tue 13th Feb Early 2024 (1)}) 11... Rd8 12. Rc1 $146 ({RR} 12. Ncb5 Bb8 13. Rc1 Bd7 14. Nxc6 bxc6 15. Nd4 Qd6 16. g3 Ne4 17. Qc2 c5 18. Nf3 Qe7 19. Rfd1 Bg4 20. Nh4 Bxe2 21. Qxe2 Be5 22. Nf3 Bf6 23. Rd3 Rd6 24. Rcd1 Rad8 25. Nd2 Nxf2 26. Qxf2 Bxb2 {0-1 Poysti,N (2172)-Marjanovic,D (2400) Graz op-A 2019 (7)}) 12... Nxd4 13. Qxd4 Be5 14. Qd3 d4 15. Nd1 dxe3 16. Qxe3 Re8 17. Bxe5 Qxe5 18. Qxe5 Rxe5 19. Ne3 Re7 20. Bf3 Be6 21. Rfd1 Rb8 22. h3 h6 23. Nd5 Nxd5 24. Bxd5 Bxd5 25. Rxd5 Rbe8 26. Rc2 Re1+ 27. Kh2 R1e2 28. Rdd2 Rxd2 29. Rxd2 Re7 30. Kg3 g6 31. Kf3 1/2-1/2

[Event "45th Olympiad 2024"]
[Site "Budapest HUN"]
[Date "2024.09.18"]
[Round "7.34"]
[Board "4"]
[White "O'Gorman, Tom"]
[Black "Munoz Sanchez, Miguel"]
[Result "1-0"]
[WhiteElo "2353"]
[BlackElo "2181"]
[PlyCount "77"]
[EventDate "2024.09.11"]
[WhiteTeam "Ireland"]
[BlackTeam "Ecuador"]
[WhiteTeamCountry "IRL"]
[BlackTeamCountry "ECU"]

1. d4 Nf6 2. c4 d6 3. Nc3 e5 4. Nf3 e4 5. Nd2 Qe7 6. Qc2 e3 7. fxe3 c5 8. Nf3 Nc6 ({RR} 8... g6 9. e4 cxd4 10. Nxd4 Bg7 11. Be3 O-O 12. h3 Nc6 13. Nxc6 bxc6 14. O-O-O Be6 15. b3 a5 16. g4 Nd7 17. Bg2 Ne5 18. Na4 Rfb8 19. c5 dxc5 20. Bxc5 Qg5+ 21. Kb1 Rb5 22. Bd4 Nc4 23. Ka1 {0-1 Johnson,J (2277)-Santos Flores,A (2168) Titled Tue 27th Aug Late 2024 (8)}) 9. a3 $146 ({RR} 9. g3 g6 10. Bg2 Bh6 11. d5 Nb4 12. Qb3 Bxe3 13. Bxe3 Qxe3 14. Nb5 Qxb3 15. axb3 Nc2+ 16. Kd2 Nxa1 17. Rxa1 Kd7 18. Bh3+ Ke7 19. Bxc8 Rhxc8 20. Kd3 a6 21. Nc3 Re8 22. e4 Nd7 23. Rf1 Kf8 {0-1 Klukin,K (2390)-Ibarra Jerez,J (2567) Titled Tue 17th Oct Early 2023 (10)}) ({RR} 9. g3 g6 10. Bg2 Bh6 11. e4 Bxc1 12. Rxc1 cxd4 13. Nd5 Nxd5 14. cxd5 Nd8 15. Nxd4 O-O 16. O-O Bd7 17. Qd2 f6 18. Rc7 Nf7 19. Bh3 Ne5 20. Be6+ Kh8 21. Bxd7 Nxd7 22. Ne6 Rfc8 23. Rfc1 Qe8 {1-0 Klukin,K (2390)-Ibarra Jerez,J (2563) Titled Tue 16th May Late 2023 (4)}) ({RR} 9. Bd2 g6 10. Nd5 Nxd5 11. cxd5 Nb4 12. Qb3 Bf5 13. Qa4+ Bd7 14. Qb3 Bf5 15. Qa4+ Qd7 16. Qxd7+ Kxd7 17. Kf2 Nxd5 18. dxc5 dxc5 19. e4 Bxe4 20. Ng5 f5 21. Rd1 Kc6 22. Bf4 Nxf4 23. e3 Nd5 {0-1 Tsvetkov,A (2408)-Ibarra Jerez,J (2563) Titled Tue 16th May Late 2023 (3)}) 9... g6 10. Nd5 Nxd5 11. cxd5 Nb8 12. e4 Bg7 13. Bg5 f6 14. Bh4 O-O 15. dxc5 Nd7 16. cxd6 Qxd6 17. Bg3 Ne5 18. e3 f5 19. Be2 fxe4 20. Qxe4 Nxf3+ 21. Bxf3 Qb6 22. d6 Bf5 23. Qd5+ Kh8 24. O-O Qxe3+ 25. Kh1 Bxb2 26. Rae1 Qg5 27. Qxb7 Bf6 28. Re7 Qh6 29. Rf7 Rxf7 30. Qxf7 Rf8 31. Qxa7 Qg5 32. Qc5 Kg7 33. Be5 Rf7 34. Rd1 h5 35. Qd4 Bd7 36. Bxf6+ Qxf6 37. Kg1 Kf8 38. Be2 Qxd4+ 39. Rxd4 1-0

[Event "45th Olympiad 2024"]
[Site "Budapest HUN"]
[Date "2024.09.18"]
[Round "7.35"]
[Board "1"]
[White "Ferreira, Jorge Viterbo"]
[Black "Tissir, Mohamed"]
[Result "1-0"]
[WhiteElo "2535"]
[BlackElo "2355"]
[PlyCount "149"]
[EventDate "2024.09.11"]
[WhiteTeam "Portugal"]
[BlackTeam "Morocco"]
[WhiteTeamCountry "POR"]
[BlackTeamCountry "MAR"]

1. d4 Nf6 2. c4 g6 3. Nc3 Bg7 4. e4 d6 5. Nf3 O-O 6. Be2 e5 7. Be3 Nbd7 8. O-O Qe7 9. Qc2 c6 10. Rad1 Re8 11. d5 c5 12. Ne1 Rf8 13. Kh1 $146 ({RR} 13. Nd3 Ne8 14. b4 b6 15. bxc5 bxc5 16. Rde1 f5 17. exf5 gxf5 18. f4 e4 19. Nf2 Nb6 20. a4 Bd4 21. Nfd1 Ba6 22. Nb5 Qg7 23. a5 Bxb5 24. cxb5 Nxd5 25. Bc4 Nef6 26. Bxd5+ Nxd5 27. Qc4 Qf7 {1-0 Bluebaum,M (2663)-Bortnyk,O (2605) Titled Tue 14th Feb Late 2023 (10)}) ({RR} 13. Nd3 Ne8 14. Qd2 Nb6 15. b3 f5 16. exf5 gxf5 17. f4 e4 18. Ne1 Nf6 19. Nc2 h5 20. h3 Nbd7 21. Bf2 Rf7 22. Ne3 Nf8 23. Bh4 Ng6 24. Bxf6 Bxf6 25. Bxh5 Rg7 26. Kh2 Bd7 27. Ne2 Kh8 {1-0 Bluebaum,M (2647)-Onischuk,V (2633) EU-ch Online 2300+ Final 2020 (5)}) ({RR} 13. Nd3 Ne8 14. b4 b6 15. bxc5 bxc5 16. f4 exf4 17. Bxf4 Ne5 18. Nxe5 Bxe5 19. Bxe5 Qxe5 20. Qd2 Bd7 21. Rb1 Ng7 22. Rb7 Bc8 23. Rb3 f5 24. Nb5 Bd7 25. Qf4 Qxf4 26. Rxf4 Bxb5 27. cxb5 g5 {½-½ Bluebaum,M (2647)-Galaktionov,A (2358) Titled Tue 18th Jun Late 2024 (7)}) ({RR} 13. Nd3 Ne8 14. f3 f5 15. exf5 gxf5 16. f4 Nb6 17. Nf2 Kh8 18. Nh3 Rg8 19. Rfe1 e4 20. a3 Bf6 21. Bf1 Bd7 22. b3 Ng7 23. Be2 Ne8 24. Bf1 Nc7 25. Ne2 Bh4 26. Bc1 h6 27. Bb2+ Kh7 {0-1 Saxe,B-Burger,K Canadian op Calgary 1975 (4)}) ({RR} 13. Nd3 Ne8 14. a3 f5 15. exf5 gxf5 16. f4 e4 17. Nf2 Ndf6 18. h3 h5 19. g3 Bd7 20. Kh2 Bc8 21. Kg1 Bd7 22. Kh2 Bc8 23. Kg1 {½-½ Aaryan,V (2312)-Mitrabha,G (2474) 19th Asian Continental 2022 (6.26)}) 13... Ne8 14. g4 Kh8 15. Rg1 Ndf6 16. Rg3 Ng8 17. Qd2 Nef6 18. a3 b6 19. f3 Nd7 20. Ng2 a6 21. Rb1 Qd8 22. Bd3 Rb8 23. b4 Qc7 24. Rg1 Qd8 25. Ne1 Re8 26. Bc2 Qc7 27. Bd3 Qd8 28. Be2 Bb7 29. Nd3 Qc7 30. Nf2 Rec8 31. b5 Ra8 32. bxa6 Bxa6 33. h4 h6 34. Nfd1 Re8 35. Nb2 Qd8 36. Rh3 Rf8 37. Bd3 Qe7 38. Rh2 Rfb8 39. Ra1 Kh7 40. Nb5 Rc8 41. Qe2 Ngf6 42. Nc3 Rcb8 43. Bc2 Ne8 44. Bd2 Nc7 45. Bd3 Bc8 46. Nbd1 Kg8 47. Ne3 Nf6 48. Nb5 h5 49. Qg2 Nxb5 50. cxb5 Ra4 51. g5 Ne8 52. Nc4 Nc7 53. Nb2 Ra7 54. Qe2 Bd7 55. a4 Qe8 56. Rb1 Bf8 57. Bc2 Nxb5 58. axb5 Bxb5 59. Qf2 Rba8 60. Bc3 Ra1 61. Rg2 Rxb1+ 62. Bxb1 Ra3 63. Nd1 Qd7 64. Kh2 Ra7 65. Bb2 Ba6 66. f4 Qa4 67. Bc2 Qc4 68. fxe5 dxe5 69. Ne3 Qa2 70. Bxe5 Be7 71. Qf4 Qa3 72. Rf2 Bd8 73. Bf6 Bxf6 74. gxf6 Kh7 75. e5 1-0

[Event "45th Olympiad 2024"]
[Site "Budapest HUN"]
[Date "2024.09.18"]
[Round "7.35"]
[Board "2"]
[White "Elbilia, Jacques"]
[Black "Pereira, Ruben"]
[Result "0-1"]
[WhiteElo "2343"]
[BlackElo "2457"]
[PlyCount "44"]
[EventDate "2024.09.11"]
[WhiteTeam "Morocco"]
[BlackTeam "Portugal"]
[WhiteTeamCountry "MAR"]
[BlackTeamCountry "POR"]

1. d4 d5 2. c4 e6 3. Nc3 Nf6 4. cxd5 exd5 5. Bg5 Bb4 6. Qb3 c5 7. dxc5 Nc6 8. O-O-O Be6 ({RR} 8... Qa5 9. Bxf6 gxf6 10. Nxd5 Qxc5+ 11. Qc2 Qxc2+ 12. Kxc2 Bf5+ 13. Kc1 O-O-O 14. f3 Bc5 15. e4 Be6 16. Ne2 f5 17. Nec3 fxe4 18. fxe4 f5 19. exf5 Bxf5 20. Bd3 Bg4 21. Be2 Be6 22. Bf3 Nd4 23. Rhe1 {1-0 Bluebaum,M (2640)-Nepomniachtchi,I (2770) Titled Tue 30th Jul Early 2024 (11)}) 9. Nf3 ({RR} 9. e4 Bxc3 10. bxc3 Qa5 11. Bxf6 dxe4 12. Bc4 Bxc4 13. Qxc4 gxf6 14. Qxe4+ Kf8 15. Qc2 Rg8 16. Nf3 Rxg2 17. Rhg1 Rxg1 18. Rxg1 Rd8 19. Nd2 Qxc5 20. Nb3 Qe5 21. Rg3 Qe1+ 22. Kb2 Ne5 23. c4 a5 {1-0 Bluebaum,M (2640)-Szpar,M (2483) Titled Tue 13th Aug Late 2024 (10)}) 9... Qa5 10. Bxf6 d4 $146 ({RR} 10... gxf6 11. Nxd5 O-O-O 12. e4 f5 13. Bc4 Qxc5 14. Qc2 fxe4 15. Nxb4 Qxc4 16. Nxc6 Rxd1+ 17. Rxd1 exf3 18. Ne7+ Kb8 19. Qxc4 Bxc4 20. b3 Be2 21. Rg1 Re8 22. Nf5 Re5 23. Nd4 fxg2 24. Rxg2 Bd3 25. Kd2 {½-½ Van Foreest,J (2697)-Zanan,E (2470) World Rapid Team 2023 (5.4)}) 11. Qa4 dxc3 12. Qxa5 cxb2+ 13. Kxb2 Nxa5 14. Bxg7 Rg8 15. Bc3 Bxc3+ 16. Kxc3 Rc8 17. e4 Rxc5+ 18. Kd4 b6 19. g3 Ke7 20. Be2 Rc2 21. Ke3 Rc3+ 22. Rd3 Nc4+ 0-1

[Event "45th Olympiad 2024"]
[Site "Budapest HUN"]
[Date "2024.09.18"]
[Round "7.35"]
[Board "3"]
[White "Sousa, Andre Ventura"]
[Black "Moayad, Anas"]
[Result "1-0"]
[WhiteElo "2403"]
[BlackElo "2016"]
[PlyCount "51"]
[EventDate "2024.09.11"]
[WhiteTeam "Portugal"]
[BlackTeam "Morocco"]
[WhiteTeamCountry "POR"]
[BlackTeamCountry "MAR"]

1. e4 c5 2. Nf3 d6 3. d4 cxd4 4. Nxd4 Nf6 5. Nc3 a6 6. f3 e5 7. Nb3 Be7 8. Be3 Be6 9. Qd2 Nbd7 10. g4 h6 11. O-O-O b5 12. Kb1 Nb6 13. Na5 Qc7 14. Bxb6 ({RR} 14. a3 Rc8 15. h4 Nc4 16. Bxc4 Bxc4 17. Nxc4 Qxc4 18. g5 Nh5 19. Nd5 Bd8 20. gxh6 gxh6 21. Bxh6 Ng3 22. Rhg1 Ne2 23. b3 Nc3+ 24. Nxc3 Qxc3 25. Qxc3 Rxc3 26. Rxd6 Bxh4 27. Kb2 Rxf3 28. Bg7 Rg8 {1-0 Rodchenkov,S (2346)-Shah,V (2054) Titled Tue 23rd May Early 2023 (2)}) 14... Qxb6 15. Nd5 Nxd5 16. exd5 Bg5 $146 ({RR} 16... Bd7 17. h4 b4 18. Nc6 Bxc6 19. dxc6 Qxc6 20. Qxb4 d5 21. Qb3 Rd8 22. c4 O-O 23. Rxd5 Rxd5 24. cxd5 Qd6 25. Qc4 e4 26. Qxe4 Rb8 27. Bd3 g6 28. h5 Qf6 29. Rh2 Ba3 30. b3 Rb7 31. Qe3 {1-0 Topalov,V (2740)-Kasparov,G (2825) Leon Man+Comp m rapid 1998 (5)}) ({RR} 16... Bd7 17. h4 b4 18. Nc6 Bxc6 19. dxc6 Qxc6 20. Qxb4 d5 21. Qb3 Rd8 22. c4 dxc4 23. Rxd8+ Bxd8 24. Bxc4 O-O 25. Qd3 a5 26. g5 e4 27. fxe4 hxg5 28. Bd5 Qb6 29. hxg5 Bxg5 30. e5 Bh6 31. Qf5 {1-0 Huber,G (2323)-Haessel,D (2248) Alberta-ch Edmonton 2002 (2)}) ({RR} 16... Bd7 17. Bd3 Rc8 18. Be4 g6 19. Nc6 f5 20. gxf5 gxf5 21. Qg2 Bxc6 22. Qg6+ Kd8 23. dxc6 Rxc6 24. Bxc6 Qxc6 25. Qxf5 Rf8 26. Qxe5 Rxf3 27. Rhe1 Bf8 28. Qd4 Rf7 29. Rf1 Rxf1 30. Rxf1 Be7 31. Qh8+ {1-0 Leniart,A (2333)-Lagowski,P (2392) Lasker Memorial op-A 2006 (3)}) 17. Qb4 Bd7 18. Nc4 bxc4 19. Qxb6 Ke7 20. Bxc4 Rhb8 21. Qa5 Rc8 22. Bd3 Rc5 23. Qb6 a5 24. Rhe1 a4 25. Rxe5+ Kf8 26. Qxd6+ 1-0